00726nam a2200157Ia 4500008004100000040001800041041000800059110010200067245012900169260003600298300003700334500015100371650001400522650001900536650001300555130821s1994 ck gs spa  aCo-BoUCMbspa00aspa1 aColombia.bMinisterio del Medio Ambiente.bDepartamento Tecnico Administrativo del Medio Ambiente10aHumedales Ic[videograbación]cMinisterio del Medio Ambiente. Departamento Tecnico Administrativo del Medio Ambiente. DAMA aBogotá (Colombia)bDAMAc1994 a1 videocasete vhs 26 min.e1 DVD aTrata de los pantanos del altiplano Cundiboyacense, principal centro de origen de las Aves acuáticas, cuidar los humedales. -- Con: Humedales II04aHumedales04aMedio ambiente04aPantanos